000 00342nam a2200121Ia 4500
008 160609s9999 xx 000 0 und d
100 _aFulton, Steve.
245 _aHTML5 Canvas
245 _cby Steve Fulton, Jeff Fulton
260 _c2013
650 _xWEB DESIGN
856 _uhttp://chimera.labs.oreilly.com/books/1234000001654/index.html
999 _c295814
_d295814